000 00460nam a22001337a 4500
005 20211124141517.0
008 211124b ||||| |||| 00| 0 eng d
040 _cAIMIT LIBRARY
082 _a658.827 MUTB
100 _aMuthuraman, B;Chadha, Dharen.
_dB,Muthuraman;Chadha,Dharen
_910810
245 _aBuilding successful brands in the 21st century.
_hEnglish
260 _aNew Delhi
_bExcel Multimedia
942 _2ddc
_cCD
_h658.827 MUTB
999 _c220758
_d220758